[Event "Arad op"]
[Site "Arad"]
[Date "2012.07.27"]
[Round "1"]
[White "Pascal, Alexandru"]
[Black "Pop, Alexandru"]
[Result "0-1"]
[WhiteElo "1814"]
[BlackElo "2270"]
[PlyCount "48"]
[EventDate "2012.07.27"]
[EventType "swiss"]
[EventRounds "9"]
[EventCountry "ROU"]
[SourceTitle "CBM 149 Extra"]
[Source "ChessBase"]
[SourceDate "2012.08.24"]
[SourceVersion "1"]
[SourceVersionDate "2012.08.24"]
[SourceQuality "1"]

1. e4 c5 2. Nc3 g6 3. f4 Bg7 4. Nf3 Nc6 5. Bc4 e6 6. 0-0 Nge7 7. d3 d5 8. exd5 exd5 9. Bb5 0-0 10. Ne2 Qb6 11. Bxc6 Nxc6 12. Kh1 Re8 13. Ng3 f5 14. c4 dxc4 15. dxc4 Be6 16. Qa4 Qb4 17. Qxb4 Nxb4 18. Nd2 Rad8 19. Rf3 Bxb2 20. Bxb2 Rxd2 21. Be5 Bxc4 22. Nxf5 gxf5 23. Rg3+ Kf8 24. Re1 Nc6 0-1